|
|
|
|
| LEADER |
01079pam a2200277 a 4500 |
| 010 |
|
|
|a 86023813
|
| 020 |
|
|
|a 0416006027
|
| 020 |
|
|
|a 0416006124 (pbk.)
|
| 043 |
|
|
|a e-uk---
|
| 082 |
0 |
0 |
|a 302.2/34/
|2 19
|
| 245 |
0 |
0 |
|a Impacts and influences :
|b essays on media power in the twentieth century /
|c edited by James Curran, Anthony Smith, and Pauline Wingate ; [sponsored by the Acton Society].
|
| 260 |
|
|
|a London ;
|b New York :
|b Methuen,
|c 1987.
|
| 300 |
|
|
|a ix, 348 p. ;
|c 24 cm.
|
| 650 |
|
0 |
|a Mass media
|
| 650 |
|
0 |
|a Mass media
|
| 650 |
|
0 |
|a Mass media
|
| 700 |
1 |
|
|a Curran, James.
|
| 700 |
1 |
|
|a Smith, Anthony,
|
| 700 |
1 |
|
|a Wingate, Pauline.
|
| 942 |
|
|
|2 ddc
|c BK
|
| 504 |
|
|
|a Includes bibliographies and indexes.
|
| 710 |
2 |
|
|a Acton Society Trust.
|
| 856 |
4 |
2 |
|3 Publisher description
|u http://www.loc.gov/catdir/enhancements/fy0651/86023813-d.html
|
| 906 |
|
|
|a 7
|b cbc
|c orignew
|d 1
|e ocip
|f 19
|g y-gencatlg
|
| 999 |
|
|
|c 149372
|d 149372
|
| 952 |
|
|
|0 0
|1 0
|4 0
|6 302_234000000000000_CUR_I
|7 0
|9 159590
|a MCJ
|b MCJ
|c ST1
|d 2011-12-16
|i 1043
|l 0
|o 302.234 CUR/I
|p MCJ1043
|r 2014-06-21
|w 2014-06-21
|y BK
|